Представление документа в формате RUSMARC

ПолеНазваниеЗначение
  Тип записи a
  Библиографический уровень m
001 Контрольный номер RU\NLR\bibl\1382449
005 Дата корректировки 20241217161837.6
010 Индекс ISBN __
a ISBN 978-5-699-18675-4 (в пер.)
d Цена 125-40
100 Данные общей обработки __
a Данные общей обработки 19090617d2009 |||y0rusy0189 ca
101 Язык документа 0_
a Язык текста rus
102 Страна публикации __
a Страна публикации RU
105 Кодированные данные (монография) __
a Кодированные данные (монография) a |||||||zy
200 Заглавие и сведения об ответственности 1_
a Заглавие Игры и задания на интеллектуальное развитие ребенка четырех лет
e Сведения, относящиеся к заглавию [внимание, память, мышление, арифметика, развитие речи, мелкой моторики, представлений об окружающем мире : пособие для игрового дошкольного обучения, осуществляемого родителями, воспитателями детских дошкольных учреждений и учителями]
f Первые сведения об ответственности Юлия Соколова ; [иллюстрации Е. Нитылкина и др.]
b Общее обозначение материала Текст
210 Выходные данные 1_
a Место издания Москва
c Издательство Эксмо
d Дата издания 2013
215 Физическое описание __
a Объем 63 с.
c Иллюстрации/тип воспроизводства цв. ил.
d Формат 22 см
225 Серия 2_
a Серия Академия дошкольного развития
300 Общие примечания __
a Общие примечания Авт. на обл. не указ.
300 Общие примечания __
a Общие примечания 3000 экз.
330 Аннотация __
a Аннотация Книга предназначена для занятий с детьми четырехлетнего возраста. Выполняя задания, малыши не только смогут развить свои интеллектуальные способности, но и весело и с пользой провести свое время, общаясь с родителями. Для того чтобы развитие вашего ребенка было всесторонним и гармоничным, необходимо охватить все области знаний, доступных ребенку в этом возрасте. Книжка содержит несколько разделов, каждый из которых нужно пройти с малышом. Важно заниматься с ребенком последовательно, от простого к более сложному. Не перегружайте малыша и не затягивайте занятие, если видите, что интерес к нему угас. Развивайте речь малыша, пусть он комментирует выполнение заданий. Не забудьте создать положительный эмоциональный настрой во время занятия.
606 Тематические рубрики __
a Основная рубрика Образование. Педагогика
606 Тематические рубрики __
a Основная рубрика Дошкольная педагогика
610 Ключевые слова 0_
a Ключевые слова внимание
a Ключевые слова дошкольники
a Ключевые слова дошкольное развитие
a Ключевые слова задания
a Ключевые слова игры для детей
a Ключевые слова игры для дошкольников
a Ключевые слова интеллектуальное развитие
a Ключевые слова математика для дошкольников
a Ключевые слова математика для малышей
a Ключевые слова мышление
a Ключевые слова окружающий мир
a Ключевые слова память
a Ключевые слова развивающее обучение
a Ключевые слова развитие внимания
a Ключевые слова развитие дошкольников
a Ключевые слова развитие мелкой моторики
a Ключевые слова развитие моторики
a Ключевые слова развитие мышления
a Ключевые слова развитие памяти
a Ключевые слова развитие речи
686 Индексы других классификаций __
2 Код системы rubbks
a Классификационный индекс В74.1
700 Автор _1
a Фамилия Соколова
b Имя Ю. А.
g Полное личное имя Юлия Александровна
4 Код отношения 070
702 Вторичная интеллектуальная ответственность _1
a Фамилия Нитылкин
b Имя Е.
4 Код отношения Иллюстратор
4 Код отношения 440
702 Вторичная интеллектуальная ответственность _1
a Фамилия Белозерцева
b Имя Е.
4 Код отношения Иллюстратор
4 Код отношения 440
702 Вторичная интеллектуальная ответственность _1
a Фамилия Белозерцев
b Имя Д.
4 Код отношения Иллюстратор
4 Код отношения 440
702 Вторичная интеллектуальная ответственность _1
a Фамилия Воробьева
b Имя Н.
4 Код отношения Иллюстратор
4 Код отношения 440
801 Источник записи _0
a Страна RU
b Организация Муниципальное бюджетное учреждение культуры "Централизованная библиотечная система" г. Сургут (Центральная городская библиотека им. А. С. Пушкина)
c Дата составления 20090617
g Правила каталогизации КиК/Апакова
801 Источник записи _1
a Страна RU
b Организация Муниципальное бюджетное учреждение культуры "Централизованная библиотечная система" г. Сургут (Центральная городская библиотека им. А. С. Пушкина)
c Дата составления 20090617
g Правила каталогизации КиК/Апакова
852 Данные о местонахождении __
j Шифр хранения В74.1
i Авторский знак С 59
901 Тип документа 1_
t Тип документа m
903 Характеристики (МАРС) __
a Дата передачи 20140619
969 Тип издания __
a Тип издания пособие
990 Данные о заказе (DOS) __
j Количество экземпляров (DOS) 13
t N записи в КСУ для И/У (DOS) 201407